000
00235nam a22001097a 4500
082
_a
808.3 BLY'G
100
_a
BLYTON, ENID
_9
11689
245
_a
THE GREEN STORY BOOK
260
_a
LONDON
_b
METHEW
_c
1956
300
_a
150P
942
_c
BK
999
_c
568032
_d
568032